Los mamíferos /

Salvato in:
Dettagli Bibliografici
Autore principale: Carrington, Richard (autor)
Altri autori: Villarreal, Alberto (traducción) (traducción)
Natura: Libro
Lingua:spagnolo
Pubblicazione: Amsterdam, Holanda : Time-Life International, 1968, c1968
Tags: Aggiungi Tag
Nessun Tag, puoi essere il primo ad aggiungerne!!

MARC

LEADER 00000nam^a2200000^a^4500
001 000629836
005 20260407000000.0
009 20260408133318.75
037 |a Acervo ITESO - Biblioteca 
041 |a ESP 
091 |a FOB. 04362 
100 |a Carrington, Richard  |e (autor) 
245 1 4 |a Los mamíferos / 
264 4 |a Amsterdam, Holanda :  |b Time-Life International,  |c 1968, c1968 
300 |a 127 p. 
336 |a texto  |b txt  |2 rdacontenido 
337 |a sin mediación  |b n  |2 rdamedio 
338 |a volumen  |b nc  |2 rdasoporte 
649 |a XX 
700 |a Villarreal, Alberto  |e (traducción) 
910 |a Fondo Carlos de Obeso Orendain 
920 |a Impresos - Libros 
930 |a Fondos Especiales 
905 |a 147 
901 |a 629836-10  |b IT2  |c ESP  |i D  |u 20260407 
902 |a https://opac.biblio.iteso.mx/vufind/Record/000629836